<?xml version="1.0" encoding="UTF-8"?>
<collection xmlns="http://www.loc.gov/MARC21/slim">
<record>
  <controlfield tag="001">201231</controlfield>
  <controlfield tag="005">20250827141420.0</controlfield>
  <datafield tag="913" ind1="1" ind2=" ">
    <subfield code="0">G:(DE-HGF)POF3-899</subfield>
    <subfield code="1">G:(DE-HGF)POF3-890</subfield>
    <subfield code="2">G:(DE-HGF)POF3-800</subfield>
    <subfield code="a">DE-HGF</subfield>
    <subfield code="b">Programmungebundene Forschung</subfield>
    <subfield code="l">ohne Programm</subfield>
    <subfield code="v">ohne Topic</subfield>
    <subfield code="x">0</subfield>
    <subfield code="4">G:(DE-HGF)POF</subfield>
    <subfield code="3">G:(DE-HGF)POF3</subfield>
  </datafield>
  <datafield tag="980" ind1="1" ind2=" ">
    <subfield code="a">OPAC</subfield>
  </datafield>
  <datafield tag="980" ind1=" " ind2=" ">
    <subfield code="a">book</subfield>
  </datafield>
  <datafield tag="980" ind1=" " ind2=" ">
    <subfield code="a">I:(DE-Ds200)20120319OR030</subfield>
  </datafield>
  <datafield tag="980" ind1=" " ind2=" ">
    <subfield code="a">I:(DE-Ds200)BUD-20051214OR030</subfield>
  </datafield>
  <datafield tag="980" ind1=" " ind2=" ">
    <subfield code="a">UNRESTRICTED</subfield>
  </datafield>
  <datafield tag="300" ind1=" " ind2=" ">
    <subfield code="a">getrennte Zählung  : grafische Darstellungen</subfield>
  </datafield>
  <datafield tag="336" ind1="7" ind2=" ">
    <subfield code="2">BibTeX</subfield>
    <subfield code="a">BOOK</subfield>
  </datafield>
  <datafield tag="336" ind1="7" ind2=" ">
    <subfield code="0">PUB:(DE-HGF)3</subfield>
    <subfield code="2">PUB:(DE-HGF)</subfield>
    <subfield code="a">Book</subfield>
    <subfield code="b">book</subfield>
    <subfield code="m">book</subfield>
    <subfield code="s">1492673805_23825</subfield>
  </datafield>
  <datafield tag="336" ind1="7" ind2=" ">
    <subfield code="2">DataCite</subfield>
    <subfield code="a">Output Types/Book</subfield>
  </datafield>
  <datafield tag="336" ind1="7" ind2=" ">
    <subfield code="2">ORCID</subfield>
    <subfield code="a">BOOK</subfield>
  </datafield>
  <datafield tag="336" ind1="7" ind2=" ">
    <subfield code="0">1</subfield>
    <subfield code="2">EndNote</subfield>
    <subfield code="a">Book</subfield>
  </datafield>
  <datafield tag="336" ind1="7" ind2=" ">
    <subfield code="2">DRIVER</subfield>
    <subfield code="a">book</subfield>
  </datafield>
  <datafield tag="700" ind1="1" ind2=" ">
    <subfield code="0">P:(DE-HGF)0</subfield>
    <subfield code="a">Guidal, Michel</subfield>
    <subfield code="b">1</subfield>
    <subfield code="e">Editor</subfield>
  </datafield>
  <datafield tag="700" ind1="1" ind2=" ">
    <subfield code="0">P:(DE-HGF)0</subfield>
    <subfield code="a">Rossi, Patrizia</subfield>
    <subfield code="b">2</subfield>
    <subfield code="e">Editor</subfield>
  </datafield>
  <datafield tag="852" ind1="7" ind2=" ">
    <subfield code="2">DE-Ds200</subfield>
    <subfield code="a">GSI/FAIR Library</subfield>
    <subfield code="b">Monography</subfield>
    <subfield code="c">P3 ANSE</subfield>
    <subfield code="h">-</subfield>
    <subfield code="p">00037938</subfield>
    <subfield code="t">1</subfield>
  </datafield>
  <datafield tag="245" ind1=" " ind2=" ">
    <subfield code="a">The 3-D structure of the nucleon : topical issue of EPJ A, vol. 52, no. 6, 2016</subfield>
  </datafield>
  <datafield tag="260" ind1=" " ind2=" ">
    <subfield code="a">Berlin [u.a.]</subfield>
    <subfield code="b">edp sciences , Springer</subfield>
    <subfield code="c">2016</subfield>
  </datafield>
  <datafield tag="520" ind1=" " ind2=" ">
    <subfield code="a">zugl.: European Physical Journal (EPJ) A: Hadrons and Nuclei, vol. 52, no. 6, 2016</subfield>
  </datafield>
  <datafield tag="536" ind1=" " ind2=" ">
    <subfield code="0">G:(DE-HGF)POF3-899</subfield>
    <subfield code="a">899 - ohne Topic (POF3-899)</subfield>
    <subfield code="c">POF3-899</subfield>
    <subfield code="f">POF III</subfield>
    <subfield code="x">0</subfield>
  </datafield>
  <datafield tag="536" ind1=" " ind2=" ">
    <subfield code="0">G:(DE-Ds200)HGF-OPAC-P3</subfield>
    <subfield code="a">OPAC-P3 - OPAC Kernphysik / Nuclear physics (library classification) (HGF-OPAC-P3)</subfield>
    <subfield code="c">HGF-OPAC-P3</subfield>
    <subfield code="x">1</subfield>
  </datafield>
  <datafield tag="100" ind1="1" ind2=" ">
    <subfield code="0">P:(DE-HGF)0</subfield>
    <subfield code="a">Anselmino, Mauro</subfield>
    <subfield code="b">0</subfield>
    <subfield code="e">Editor</subfield>
  </datafield>
  <datafield tag="037" ind1=" " ind2=" ">
    <subfield code="a">GSI-2017-00510</subfield>
  </datafield>
  <datafield tag="041" ind1=" " ind2=" ">
    <subfield code="a">eng</subfield>
  </datafield>
</record>
</collection>